Statistiques concernant Quizz Antiquité #01

Cliquez ici pour prendre le quiz!

Statistiques générales

  • Ce quiz a été pris 228 fois
  • Le résultat moyen est 7 sur 11

Statistiques - réponses

QuestionRéponse% Correct
Quel est le nom du gladiateur qui fut le principal chef de la plus importante révolte d’escale que le monde romain ait connu ?Spartacus
89%
Circé, déesse magicienne, a transformé les compagnons d’Ulysse en:Porcs
86%
Dans la Grèce Antique, qu’est ce qu’un aède, du verbe « aidô », « chanter » ?Un poète qui chante des épopée ou des hymnes en s’accompagnant d’un instrument de musique
85%
Quel était le surnom que les Romains donnaient à la Gaule non-romanisée ?La Gaule chevelue
76%
Que signifie l’expression « se mithridatiser » ?S’immuniser contre l’empoisonnement en absorbant des doses progressives de poison
62%
La guerre du Péloponnèse, qui a déchiré le monde grec de 431 à 404 avant J.-C., s’est terminé par la victoire de:Sparte
60%
Dans la première moitié du Vème siècle avant J.-C., les deux guerres Médiques ont opposéLes Mèdes aux Grecs
56%
Selon la légende, en 390 avant J.-C., les oies du Capitole:Auraient sauvé Rome de la destruction totale par une troupe de Gaulois
55%
Dans la mythologie, quelle mère tue ses enfants de ses propres mains par vengeance à l’encontre de son mari infidèle ?Médée
54%
En 338 av. J.-C., quelle bataille aboutit à la domination du royaume de Macédoine sur la Grèce ?La bataille de Chéronée
47%
Saint-Augustin, généralement considéré comme le plus important des Pères de l’Église romaine, est né et mort sur le territoire d’un pays africain actuel, lequel ?L’Algérie
25%

Distribution des résultats

Percentile par nombre de réponses

% des personnes avec chaque résultat

Votre développement - résultats

Vous n’avez pas pris ce quiz